[Event "DVM U20 2020"]
[Site "Willingen GER"]
[Date "2021.06.26"]
[Round "5"]
[White "Mätzkow, Maximilian Paul"]
[Black "Krastev, Alexander"]
[Result "1/2-1/2"]
[Termination "normal"]
[Board "8.1"]
[WhiteTitle "FM"]
[BlackTitle "FM"]
[WhiteElo "2231"]
[BlackElo "2355"]
[WhiteClock "00:02:46"]
[BlackClock "00:00:36"]
[WhiteTeam "SC Kreuzberg e.V."]
[BlackTeam "Biebertaler Schachfreunde"]
[PlyCount "74"]
[WhiteFideId "24679933"]
[BlackFideId "12989983"]
[EventCountry "GER"]
[EventRounds "7"]
[EventType "team-swiss"]
[EventDate "2021.06.23"]

1. d4 {[%clk 01:30:59]} {[%emt 00:00:01]} Nf6 {[%clk 01:30:44]} {[%emt
00:00:16]} 2. g3 {[%clk 01:31:23]} {[%emt 00:00:06]} c5 {[%clk 01:26:16]}
{[%emt 00:04:57]} 3. Nf3 {[%clk 01:30:36]} {[%emt 00:01:17]} cxd4 {[%clk
01:24:02]} {[%emt 00:02:45]} 4. Nxd4 {[%clk 01:30:57]} {[%emt 00:00:09]} e5
{[%clk 01:22:02]} {[%emt 00:02:30]} 5. Nf3 {[%clk 01:23:01]} {[%emt 00:08:26]}
Nc6 {[%clk 01:19:34]} {[%emt 00:02:57]} 6. Bg2 {[%clk 01:08:51]} {[%emt
00:14:42]} d5 {[%clk 01:13:58]} {[%emt 00:06:05]} 7. O-O {[%clk 01:08:41]}
{[%emt 00:00:39]} Be7 {[%clk 01:01:49]} {[%emt 00:12:39]} 8. c4 {[%clk
00:52:40]} {[%emt 00:16:31]} d4 {[%clk 01:00:41]} {[%emt 00:01:37]} 9. e3
{[%clk 00:45:47]} {[%emt 00:07:24]} O-O {[%clk 00:58:05]} {[%emt 00:03:06]} 10.
exd4 {[%clk 00:46:00]} {[%emt 00:00:17]} exd4 {[%clk 00:58:30]} {[%emt
00:00:05]} 11. a3 {[%clk 00:43:32]} {[%emt 00:02:58]} a5 {[%clk 00:51:14]}
{[%emt 00:07:46]} 12. Bf4 {[%clk 00:37:26]} {[%emt 00:06:37]} Qb6 {[%clk
00:47:13]} {[%emt 00:04:30]} 13. b3 {[%clk 00:32:07]} {[%emt 00:05:49]} Bf5
{[%clk 00:42:00]} {[%emt 00:05:42]} 14. Nbd2 {[%clk 00:30:03]} {[%emt
00:02:34]} Rfe8 {[%clk 00:41:26]} {[%emt 00:01:04]} 15. Nh4 {[%clk 00:22:39]}
{[%emt 00:07:55]} Bg4 {[%clk 00:36:18]} {[%emt 00:05:37]} 16. Bf3 {[%clk
00:22:24]} {[%emt 00:00:45]} Be6 {[%clk 00:35:43]} {[%emt 00:01:05]} 17. Ng2
{[%clk 00:21:06]} {[%emt 00:01:49]} Nd7 {[%clk 00:32:04]} {[%emt 00:04:09]} 18.
Ne4 {[%clk 00:18:58]} {[%emt 00:02:37]} Nde5 {[%clk 00:31:51]} {[%emt
00:00:43]} 19. Ne1 {[%clk 00:17:26]} {[%emt 00:02:03]} Nxf3+ {[%clk 00:28:20]}
{[%emt 00:04:00]} 20. Nxf3 {[%clk 00:16:53]} {[%emt 00:01:04]} a4 {[%clk
00:26:18]} {[%emt 00:02:32]} 21. bxa4 {[%clk 00:12:39]} {[%emt 00:04:44]} Bxc4
{[%clk 00:16:27]} {[%emt 00:10:21]} 22. Rb1 {[%clk 00:10:39]} {[%emt 00:02:29]}
Qd8 {[%clk 00:14:17]} {[%emt 00:02:39]} 23. Re1 {[%clk 00:09:42]} {[%emt
00:01:28]} Ba6 {[%clk 00:14:23]} {[%emt 00:00:24]} 24. Qb3 {[%clk 00:08:53]}
{[%emt 00:01:19]} Bf8 {[%clk 00:10:10]} {[%emt 00:04:43]} 25. Rbd1 {[%clk
00:08:34]} {[%emt 00:00:49]} Qa5 {[%clk 00:09:00]} {[%emt 00:01:39]} 26. Neg5
{[%clk 00:07:09]} {[%emt 00:01:57]} Qf5 {[%clk 00:08:14]} {[%emt 00:01:16]} 27.
Rxe8 {[%clk 00:04:54]} {[%emt 00:02:45]} Rxe8 {[%clk 00:08:42]} {[%emt
00:00:01]} 28. Nxd4 {[%clk 00:03:18]} {[%emt 00:02:06]} Nxd4 {[%clk 00:06:51]}
{[%emt 00:02:21]} 29. Rxd4 {[%clk 00:03:47]} {[%emt 00:00:01]} Re1+ {[%clk
00:06:26]} {[%emt 00:00:55]} 30. Kg2 {[%clk 00:04:13]} {[%emt 00:00:05]} h6
{[%clk 00:06:22]} {[%emt 00:00:34]} 31. Qc3 {[%clk 00:02:59]} {[%emt 00:01:44]}
Rb1 {[%clk 00:00:34]} {[%emt 00:06:17]} 32. Ne4 {[%clk 00:02:03]} {[%emt
00:01:27]} Bf1+ {[%clk 00:00:39]} {[%emt 00:00:25]} 33. Kf3 {[%clk 00:02:29]}
{[%emt 00:00:03]} h5 {[%clk 00:00:37]} {[%emt 00:00:32]} 34. Rd8 {[%clk
00:01:31]} {[%emt 00:01:28]} Qg4+ {[%clk 00:00:40]} {[%emt 00:00:28]} 35. Ke3
{[%clk 00:02:01]} Qe2+ {[%clk 00:00:48]} {[%emt 00:00:22]} 36. Kd4 {[%clk
00:02:30]} {[%emt 00:00:01]} Rd1+ {[%clk 00:00:48]} {[%emt 00:00:29]} 37. Bd2
{[%clk 00:02:46]} {[%emt 00:00:14]} Qa6 {[%clk 00:00:36]} {[%emt 00:00:42]}
1/2-1/2

[Event "DVM U20 2020"]
[Site "Willingen GER"]
[Date "2021.06.26"]
[Round "5"]
[White "Pralle, Finnegan"]
[Black "Dathe, Frederick"]
[Result "0-1"]
[Termination "normal"]
[Board "8.2"]
[WhiteElo "1910"]
[BlackElo "1992"]
[WhiteClock "01:10:05"]
[BlackClock "00:38:42"]
[WhiteTeam "Biebertaler Schachfreunde"]
[BlackTeam "SC Kreuzberg e.V."]
[PlyCount "66"]
[WhiteFideId "12986615"]
[BlackFideId "12963070"]
[EventCountry "GER"]
[EventRounds "7"]
[EventType "team-swiss"]
[EventDate "2021.06.23"]

1. e4 {[%clk 01:30:59]} c5 {[%clk 01:29:51]} {[%emt 00:01:09]} 2. Nc3 {[%clk
01:31:22]} {[%emt 00:00:07]} Nc6 {[%clk 01:29:30]} {[%emt 00:00:51]} 3. d3
{[%clk 01:31:35]} {[%emt 00:00:17]} g6 {[%clk 01:29:10]} {[%emt 00:00:51]} 4.
Be3 {[%clk 01:31:57]} {[%emt 00:00:07]} d6 {[%clk 01:29:00]} {[%emt 00:00:39]}
5. g3 {[%clk 01:31:21]} {[%emt 00:01:06]} Bg7 {[%clk 01:28:47]} {[%emt
00:00:42]} 6. Bg2 {[%clk 01:31:47]} {[%emt 00:00:06]} Rb8 {[%clk 01:23:00]}
{[%emt 00:06:18]} 7. Qd2 {[%clk 01:29:40]} {[%emt 00:02:36]} e6 {[%clk
01:17:41]} {[%emt 00:05:48]} 8. Nf3 {[%clk 01:28:22]} {[%emt 00:01:48]} Nd4
{[%clk 01:16:30]} {[%emt 00:01:41]} 9. Nd1 {[%clk 01:27:36]} {[%emt 00:01:16]}
e5 {[%clk 01:08:25]} {[%emt 00:08:35]} 10. c3 {[%clk 01:25:24]} {[%emt
00:02:43]} Bh3 {[%clk 00:59:04]} {[%emt 00:09:51]} 11. cxd4 {[%clk 01:09:51]}
{[%emt 00:16:04]} Bxg2 {[%clk 00:58:50]} {[%emt 00:00:43]} 12. Nh4 {[%clk
01:10:16]} {[%emt 00:00:05]} Bxh1 {[%clk 00:58:46]} {[%emt 00:00:34]} 13. dxc5
{[%clk 01:10:41]} {[%emt 00:00:05]} d5 {[%clk 00:48:59]} {[%emt 00:10:17]} 14.
f3 {[%clk 01:09:01]} {[%emt 00:02:10]} d4 {[%clk 00:49:01]} {[%emt 00:00:28]}
15. Bg1 {[%clk 01:08:50]} {[%emt 00:00:41]} Bf6 {[%clk 00:48:09]} {[%emt
00:01:22]} 16. Qf2 {[%clk 01:09:15]} {[%emt 00:00:05]} Qa5+ {[%clk 00:45:03]}
{[%emt 00:03:36]} 17. Kf1 {[%clk 01:09:35]} {[%emt 00:00:09]} Qxc5 {[%clk
00:42:55]} {[%emt 00:02:39]} 18. Qe2 {[%clk 01:09:36]} {[%emt 00:00:29]} Rc8
{[%clk 00:41:43]} {[%emt 00:01:42]} 19. Nf2 {[%clk 01:09:48]} {[%emt 00:00:17]}
Qc2 {[%clk 00:41:24]} {[%emt 00:00:49]} 20. Nxh1 {[%clk 01:09:49]} {[%emt
00:00:29]} Qxe2+ {[%clk 00:40:56]} {[%emt 00:00:58]} 21. Kxe2 {[%clk 01:10:13]}
{[%emt 00:00:06]} Bxh4 {[%clk 00:40:53]} {[%emt 00:00:33]} 22. gxh4 {[%clk
01:10:37]} {[%emt 00:00:05]} Rc2+ {[%clk 00:41:06]} {[%emt 00:00:17]} 23. Kf1
{[%clk 01:10:53]} {[%emt 00:00:15]} Rxb2 {[%clk 00:40:25]} {[%emt 00:01:11]}
24. f4 {[%clk 01:11:11]} {[%emt 00:00:12]} f6 {[%clk 00:40:18]} {[%emt
00:00:36]} 25. Nf2 {[%clk 01:11:34]} {[%emt 00:00:07]} Ne7 {[%clk 00:39:09]}
{[%emt 00:01:39]} 26. Ng4 {[%clk 01:11:49]} {[%emt 00:00:16]} O-O {[%clk
00:39:22]} {[%emt 00:00:16]} 27. h3 {[%clk 01:11:02]} {[%emt 00:01:17]} Nc6
{[%clk 00:38:56]} {[%emt 00:00:56]} 28. h5 {[%clk 01:10:29]} {[%emt 00:01:03]}
f5 {[%clk 00:38:19]} {[%emt 00:01:08]} 29. exf5 {[%clk 01:09:29]} {[%emt
00:01:30]} gxh5 {[%clk 00:37:50]} {[%emt 00:00:59]} 30. Nf2 {[%clk 01:08:58]}
{[%emt 00:01:00]} Rxf5 {[%clk 00:37:47]} {[%emt 00:00:34]} 31. fxe5 {[%clk
01:09:20]} {[%emt 00:00:08]} Nxe5 {[%clk 00:37:56]} {[%emt 00:00:21]} 32. Ke1
{[%clk 01:09:44]} {[%emt 00:00:06]} Nf3+ {[%clk 00:38:19]} {[%emt 00:00:08]}
33. Kf1 {[%clk 01:10:05]} {[%emt 00:00:08]} Nxg1 {[%clk 00:38:42]} {[%emt
00:00:07]} 0-1

[Event "DVM U20 2020"]
[Site "Willingen GER"]
[Date "2021.06.26"]
[Round "5"]
[White "Hommel, Niclas"]
[Black "Reichelt, Florian"]
[Result "1-0"]
[Termination "normal"]
[Board "8.3"]
[WhiteElo "2062"]
[BlackElo "1949"]
[WhiteClock "00:04:26"]
[BlackClock "00:01:01"]
[WhiteTeam "SC Kreuzberg e.V."]
[BlackTeam "Biebertaler Schachfreunde"]
[PlyCount "107"]
[WhiteFideId "12974927"]
[BlackFideId "12960276"]
[EventCountry "GER"]
[EventRounds "7"]
[EventType "team-swiss"]
[EventDate "2021.06.23"]

1. e4 {[%clk 01:30:57]} {[%emt 00:00:02]} c5 {[%clk 01:30:32]} {[%emt
00:00:28]} 2. Nf3 {[%clk 01:31:23]} {[%emt 00:00:05]} d6 {[%clk 01:30:52]}
{[%emt 00:00:10]} 3. d4 {[%clk 01:31:48]} {[%emt 00:00:05]} cxd4 {[%clk
01:31:12]} {[%emt 00:00:10]} 4. Nxd4 {[%clk 01:32:13]} {[%emt 00:00:04]} Nf6
{[%clk 01:31:35]} {[%emt 00:00:08]} 5. Nc3 {[%clk 01:32:36]} {[%emt 00:00:06]}
a6 {[%clk 01:31:56]} {[%emt 00:00:10]} 6. Be3 {[%clk 01:32:58]} {[%emt
00:00:07]} b5 {[%clk 01:31:10]} {[%emt 00:01:16]} 7. Qd2 {[%clk 01:25:10]}
{[%emt 00:08:18]} Bb7 {[%clk 01:31:04]} {[%emt 00:00:36]} 8. f3 {[%clk
01:22:01]} {[%emt 00:03:40]} Nbd7 {[%clk 01:28:08]} {[%emt 00:03:25]} 9. a3
{[%clk 01:13:52]} {[%emt 00:08:39]} e6 {[%clk 01:24:15]} {[%emt 00:04:23]} 10.
g4 {[%clk 01:12:40]} {[%emt 00:01:42]} Nb6 {[%clk 01:22:25]} {[%emt 00:02:21]}
11. O-O-O {[%clk 01:05:26]} {[%emt 00:07:44]} Nfd7 {[%clk 01:17:59]} {[%emt
00:04:55]} 12. f4 {[%clk 00:55:13]} {[%emt 00:10:43]} Rc8 {[%clk 01:02:07]}
{[%emt 00:16:22]} 13. g5 {[%clk 00:50:08]} {[%emt 00:05:36]} Qc7 {[%clk
00:55:40]} {[%emt 00:06:55]} 14. Kb1 {[%clk 00:43:11]} {[%emt 00:07:28]} Nc4
{[%clk 00:49:08]} {[%emt 00:07:02]} 15. Bxc4 {[%clk 00:37:31]} {[%emt
00:06:10]} Qxc4 {[%clk 00:48:26]} {[%emt 00:01:12]} 16. Nb3 {[%clk 00:25:34]}
{[%emt 00:12:28]} b4 {[%clk 00:44:40]} {[%emt 00:04:15]} 17. axb4 {[%clk
00:26:00]} {[%emt 00:00:05]} Qxb4 {[%clk 00:44:56]} {[%emt 00:00:13]} 18. Qf2
{[%clk 00:22:58]} {[%emt 00:03:32]} Bxe4 {[%clk 00:40:41]} {[%emt 00:04:45]}
19. Rd4 {[%clk 00:21:09]} {[%emt 00:02:20]} Qxb3 {[%clk 00:38:52]} {[%emt
00:02:17]} 20. Nxe4 {[%clk 00:21:32]} {[%emt 00:00:08]} Qb7 {[%clk 00:38:31]}
{[%emt 00:00:51]} 21. Re1 {[%clk 00:06:32]} {[%emt 00:15:30]} d5 {[%clk
00:37:18]} {[%emt 00:01:43]} 22. Nd2 {[%clk 00:06:45]} {[%emt 00:00:17]} Ba3
{[%clk 00:33:29]} {[%emt 00:04:19]} 23. Nb3 {[%clk 00:06:29]} {[%emt 00:00:46]}
Bb4 {[%clk 00:32:24]} {[%emt 00:01:35]} 24. Red1 {[%clk 00:06:41]} {[%emt
00:00:18]} O-O {[%clk 00:24:40]} {[%emt 00:08:14]} 25. f5 {[%clk 00:06:27]}
{[%emt 00:00:44]} a5 {[%clk 00:23:31]} {[%emt 00:01:38]} 26. Qh4 {[%clk
00:02:59]} {[%emt 00:04:00]} Nc5 {[%clk 00:14:31]} {[%emt 00:09:28]} 27. Rxb4
{[%clk 00:02:31]} {[%emt 00:00:59]} axb4 {[%clk 00:12:37]} {[%emt 00:02:24]}
28. Bxc5 {[%clk 00:02:57]} {[%emt 00:00:04]} Rfe8 {[%clk 00:10:16]} {[%emt
00:02:51]} 29. f6 {[%clk 00:03:20]} {[%emt 00:00:07]} Qb5 {[%clk 00:09:31]}
{[%emt 00:01:15]} 30. Qxb4 {[%clk 00:03:11]} {[%emt 00:00:40]} Qe2 {[%clk
00:09:31]} {[%emt 00:00:29]} 31. Qd2 {[%clk 00:03:28]} {[%emt 00:00:12]} Qc4
{[%clk 00:08:57]} {[%emt 00:01:05]} 32. Qd4 {[%clk 00:03:18]} {[%emt 00:00:41]}
Rc6 {[%clk 00:08:12]} {[%emt 00:01:13]} 33. Rd2 {[%clk 00:02:01]} {[%emt
00:01:48]} Rb8 {[%clk 00:05:56]} {[%emt 00:02:46]} 34. Ba3 {[%clk 00:01:57]}
{[%emt 00:00:35]} Qf1+ {[%clk 00:06:16]} {[%emt 00:00:10]} 35. Ka2 {[%clk
00:01:28]} {[%emt 00:00:58]} Rc4 {[%clk 00:06:19]} {[%emt 00:00:26]} 36. Qf2
{[%clk 00:01:29]} {[%emt 00:00:30]} Qh3 {[%clk 00:06:14]} {[%emt 00:00:35]} 37.
fxg7 {[%clk 00:01:32]} {[%emt 00:00:28]} Rbc8 {[%clk 00:04:14]} {[%emt
00:02:29]} 38. c3 {[%clk 00:01:13]} {[%emt 00:00:49]} Rg4 {[%clk 00:03:46]}
{[%emt 00:00:58]} 39. Qf6 {[%clk 00:01:00]} {[%emt 00:00:43]} Rg1 {[%clk
00:03:12]} {[%emt 00:01:05]} 40. Rf2 {[%clk 00:01:12]} {[%emt 00:00:18]} Qh5
{[%clk 00:03:07]} {[%emt 00:00:34]} 41. Nd4 {[%clk 00:22:56]} {[%emt 00:08:46]}
Rb8 {[%clk 00:23:02]} {[%emt 00:10:34]} 42. h4 {[%clk 00:15:09]} {[%emt
00:08:18]} Rh1 {[%clk 00:21:00]} {[%emt 00:02:32]} 43. Rf3 {[%clk 00:10:02]}
{[%emt 00:05:37]} Qg6 {[%clk 00:13:22]} {[%emt 00:08:08]} 44. Qxg6 {[%clk
00:10:22]} {[%emt 00:00:10]} hxg6 {[%clk 00:13:45]} {[%emt 00:00:07]} 45. Nxe6
{[%clk 00:10:49]} {[%emt 00:00:03]} Rxh4 {[%clk 00:13:42]} {[%emt 00:00:33]}
46. Rf2 {[%clk 00:05:20]} {[%emt 00:05:59]} Re8 {[%clk 00:11:10]} {[%emt
00:03:02]} 47. Nc7 {[%clk 00:04:45]} {[%emt 00:01:05]} Re5 {[%clk 00:11:24]}
{[%emt 00:00:16]} 48. Rd2 {[%clk 00:04:14]} {[%emt 00:01:01]} Rxg5 {[%clk
00:06:48]} {[%emt 00:05:07]} 49. Be7 {[%clk 00:03:32]} {[%emt 00:01:12]} Ra4+
{[%clk 00:06:06]} {[%emt 00:01:11]} 50. Kb3 {[%clk 00:03:58]} {[%emt 00:00:04]}
Rgg4 {[%clk 00:06:22]} {[%emt 00:00:14]} 51. Bf6 {[%clk 00:03:53]} {[%emt
00:00:34]} g5 {[%clk 00:00:59]} {[%emt 00:05:54]} 52. Nxd5 {[%clk 00:03:36]}
{[%emt 00:00:46]} Ra7 {[%clk 00:00:47]} {[%emt 00:00:43]} 53. Ne7+ {[%clk
00:03:59]} {[%emt 00:00:08]} Rxe7 {[%clk 00:01:01]} {[%emt 00:00:15]} 54. Rd8+
{[%clk 00:04:26]} {[%emt 00:00:04]} 1-0

[Event "DVM U20 2020"]
[Site "Willingen GER"]
[Date "2021.06.26"]
[Round "5"]
[White "Limpert, Tillmann"]
[Black "Flood, Yosime"]
[Result "0-1"]
[Termination "normal"]
[Board "8.4"]
[WhiteElo "1671"]
[BlackElo "1697"]
[WhiteClock "00:03:23"]
[BlackClock "00:09:13"]
[WhiteTeam "Biebertaler Schachfreunde"]
[BlackTeam "SC Kreuzberg e.V."]
[PlyCount "82"]
[WhiteFideId "16213254"]
[BlackFideId "16269535"]
[EventCountry "GER"]
[EventRounds "7"]
[EventType "team-swiss"]
[EventDate "2021.06.23"]

1. e4 {[%clk 01:30:55]} {[%emt 00:00:04]} c5 {[%clk 01:30:41]} {[%emt
00:00:19]} 2. Nc3 {[%clk 01:31:03]} {[%emt 00:00:22]} e6 {[%clk 01:30:50]}
{[%emt 00:00:22]} 3. g3 {[%clk 01:30:18]} {[%emt 00:01:14]} Nc6 {[%clk
01:31:08]} {[%emt 00:00:13]} 4. Bg2 {[%clk 01:30:03]} {[%emt 00:00:44]} g6
{[%clk 01:31:22]} {[%emt 00:00:17]} 5. d3 {[%clk 01:30:06]} {[%emt 00:00:27]}
Bg7 {[%clk 01:31:41]} {[%emt 00:00:11]} 6. Be3 {[%clk 01:29:13]} {[%emt
00:01:22]} d6 {[%clk 01:31:56]} {[%emt 00:00:16]} 7. Nf3 {[%clk 01:29:32]}
{[%emt 00:00:11]} Nge7 {[%clk 01:27:38]} {[%emt 00:04:48]} 8. Qd2 {[%clk
01:28:31]} {[%emt 00:01:31]} Nd4 {[%clk 01:27:09]} {[%emt 00:00:59]} 9. Rb1
{[%clk 01:22:13]} {[%emt 00:06:48]} Nec6 {[%clk 01:15:57]} {[%emt 00:11:41]}
10. O-O {[%clk 01:19:50]} {[%emt 00:02:53]} O-O {[%clk 01:12:05]} {[%emt
00:04:22]} 11. Ne2 {[%clk 01:14:00]} {[%emt 00:06:20]} Nxe2+ {[%clk 01:04:32]}
{[%emt 00:08:04]} 12. Qxe2 {[%clk 01:13:15]} {[%emt 00:01:15]} b6 {[%clk
01:00:58]} {[%emt 00:04:03]} 13. c3 {[%clk 01:11:45]} {[%emt 00:02:01]} Bb7
{[%clk 00:56:34]} {[%emt 00:04:54]} 14. Qd2 {[%clk 01:11:25]} {[%emt 00:00:49]}
Re8 {[%clk 00:53:42]} {[%emt 00:03:22]} 15. Bh6 {[%clk 01:09:14]} {[%emt
00:02:41]} Bh8 {[%clk 00:52:34]} {[%emt 00:01:39]} 16. Nh4 {[%clk 01:04:43]}
{[%emt 00:05:01]} Ne7 {[%clk 00:48:46]} {[%emt 00:04:18]} 17. f4 {[%clk
01:02:12]} {[%emt 00:03:00]} f5 {[%clk 00:41:08]} {[%emt 00:08:08]} 18. Qe2
{[%clk 01:00:18]} {[%emt 00:02:24]} Qd7 {[%clk 00:37:16]} {[%emt 00:04:23]} 19.
Nf3 {[%clk 00:59:07]} {[%emt 00:01:40]} c4 {[%clk 00:32:46]} {[%emt 00:05:01]}
20. Ng5 {[%clk 00:58:05]} {[%emt 00:01:30]} cxd3 {[%clk 00:29:04]} 21. Qxd3
{[%clk 00:57:56]} {[%emt 00:04:52]} Rad8 {[%clk 00:26:11]} 22. Rbd1 {[%clk
00:55:07]} {[%emt 00:06:41]} Qc8 {[%clk 00:22:46]} 23. Rfe1 {[%clk 00:48:29]}
{[%emt 00:11:04]} Ba6 {[%clk 00:17:52]} {[%emt 00:05:25]} 24. Qd2 {[%clk
00:46:57]} {[%emt 00:02:01]} Bb5 {[%clk 00:17:41]} {[%emt 00:00:41]} 25. Nxe6
{[%clk 00:39:36]} {[%emt 00:07:52]} Qxe6 {[%clk 00:16:06]} {[%emt 00:02:04]}
26. exf5 {[%clk 00:39:50]} {[%emt 00:00:17]} Qxf5 {[%clk 00:16:04]} {[%emt
00:00:31]} 27. Rxe7 {[%clk 00:32:27]} {[%emt 00:07:53]} Rxe7 {[%clk 00:16:23]}
{[%emt 00:00:12]} 28. Bd5+ {[%clk 00:31:20]} {[%emt 00:01:37]} Rf7 {[%clk
00:16:30]} {[%emt 00:00:23]} 29. Re1 {[%clk 00:27:19]} {[%emt 00:04:30]} Bc6
{[%clk 00:15:11]} {[%emt 00:01:51]} 30. Be6 {[%clk 00:17:04]} {[%emt 00:10:44]}
Qc5+ {[%clk 00:14:01]} {[%emt 00:01:39]} 31. Re3 {[%clk 00:16:59]} {[%emt
00:00:35]} Re8 {[%clk 00:12:53]} {[%emt 00:01:39]} 32. b4 {[%clk 00:13:40]}
{[%emt 00:03:49]} Qh5 {[%clk 00:09:17]} {[%emt 00:04:06]} 33. Bg5 {[%clk
00:08:10]} {[%emt 00:06:00]} Rxe6 {[%clk 00:08:08]} {[%emt 00:01:38]} 34. Rxe6
{[%clk 00:07:57]} {[%emt 00:00:43]} Qf3 {[%clk 00:08:07]} {[%emt 00:00:32]} 35.
Rxd6 {[%clk 00:07:42]} {[%emt 00:00:44]} Qh1+ {[%clk 00:08:07]} {[%emt
00:00:30]} 36. Kf2 {[%clk 00:08:00]} {[%emt 00:00:13]} Qxh2+ {[%clk 00:08:12]}
{[%emt 00:00:25]} 37. Ke1 {[%clk 00:05:45]} {[%emt 00:02:44]} Qxg3+ {[%clk
00:08:07]} {[%emt 00:00:36]} 38. Kd1 {[%clk 00:06:00]} {[%emt 00:00:13]} Ba4+
{[%clk 00:08:29]} {[%emt 00:00:09]} 39. Ke2 {[%clk 00:03:55]} {[%emt 00:02:36]}
Qg2+ {[%clk 00:08:34]} {[%emt 00:00:25]} 40. Ke3 {[%clk 00:03:56]} {[%emt
00:00:28]} Qxd2+ {[%clk 00:08:48]} {[%emt 00:00:16]} 41. Kxd2 {[%clk 00:03:23]}
{[%emt 00:01:04]} Rd7 {[%clk 00:09:13]} {[%emt 00:00:05]} 0-1

[Event "DVM U20 2020"]
[Site "Willingen GER"]
[Date "2021.06.26"]
[Round "5"]
[White "Rose, Luis Stratos"]
[Black "Engert, Kiyan"]
[Result "0-1"]
[Termination "normal"]
[Board "8.5"]
[WhiteElo "1608"]
[BlackElo "1781"]
[WhiteClock "00:04:51"]
[BlackClock "00:08:23"]
[WhiteTeam "SC Kreuzberg e.V."]
[BlackTeam "Biebertaler Schachfreunde"]
[PlyCount "58"]
[WhiteFideId "12976008"]
[BlackFideId "16214870"]
[EventCountry "GER"]
[EventRounds "7"]
[EventType "team-swiss"]
[EventDate "2021.06.23"]

1. d4 {[%clk 01:30:57]} {[%emt 00:00:02]} Nf6 {[%clk 01:30:54]} {[%emt
00:00:07]} 2. Nf3 {[%clk 01:31:22]} {[%emt 00:00:05]} e6 {[%clk 01:31:17]}
{[%emt 00:00:08]} 3. Bf4 {[%clk 01:31:39]} {[%emt 00:00:12]} b6 {[%clk
01:31:34]} {[%emt 00:00:13]} 4. e3 {[%clk 01:31:54]} {[%emt 00:00:16]} Bb7
{[%clk 01:31:58]} {[%emt 00:00:05]} 5. Nbd2 {[%clk 01:31:38]} {[%emt 00:00:46]}
d6 {[%clk 01:32:05]} {[%emt 00:00:23]} 6. h3 {[%clk 01:30:49]} {[%emt
00:01:20]} Nbd7 {[%clk 01:32:21]} {[%emt 00:00:13]} 7. Be2 {[%clk 01:27:31]}
{[%emt 00:03:47]} g6 {[%clk 01:30:17]} {[%emt 00:02:35]} 8. O-O {[%clk
01:27:27]} {[%emt 00:00:35]} Bg7 {[%clk 01:30:41]} {[%emt 00:00:06]} 9. a4
{[%clk 01:25:31]} {[%emt 00:02:25]} a5 {[%clk 01:30:59]} {[%emt 00:00:12]} 10.
c3 {[%clk 01:23:56]} {[%emt 00:02:05]} O-O {[%clk 01:31:08]} {[%emt 00:00:20]}
11. Qc2 {[%clk 01:22:33]} {[%emt 00:01:54]} Qe7 {[%clk 01:29:24]} {[%emt
00:02:14]} 12. Rfe1 {[%clk 01:18:53]} {[%emt 00:04:10]} e5 {[%clk 01:25:51]}
{[%emt 00:04:03]} 13. dxe5 {[%clk 01:16:09]} {[%emt 00:03:15]} dxe5 {[%clk
01:26:08]} {[%emt 00:00:12]} 14. Bh2 {[%clk 01:16:02]} {[%emt 00:00:37]} Nd5
{[%clk 01:09:42]} {[%emt 00:16:56]} 15. Rad1 {[%clk 01:00:33]} {[%emt
00:15:59]} Rfd8 {[%clk 01:03:07]} {[%emt 00:07:04]} 16. Nc4 {[%clk 00:52:24]}
{[%emt 00:08:40]} f6 {[%clk 00:57:18]} {[%emt 00:06:19]} 17. Bf1 {[%clk
00:43:42]} {[%emt 00:09:12]} Nc5 {[%clk 00:51:05]} {[%emt 00:06:43]} 18. Nfd2
{[%clk 00:31:25]} {[%emt 00:12:46]} Qe8 {[%clk 00:30:05]} {[%emt 00:21:31]} 19.
b3 {[%clk 00:23:32]} {[%emt 00:08:23]} e4 {[%clk 00:27:47]} {[%emt 00:02:48]}
20. f3 {[%clk 00:21:12]} {[%emt 00:02:51]} f5 {[%clk 00:27:31]} {[%emt
00:00:45]} 21. Nb1 {[%clk 00:19:52]} {[%emt 00:01:49]} Rd7 {[%clk 00:18:45]}
{[%emt 00:09:17]} 22. fxe4 {[%clk 00:15:10]} {[%emt 00:05:12]} Nxe4 {[%clk
00:12:50]} {[%emt 00:06:25]} 23. Rd3 {[%clk 00:11:05]} {[%emt 00:04:35]} Nc5
{[%clk 00:10:09]} {[%emt 00:03:12]} 24. Rd2 {[%clk 00:09:34]} {[%emt 00:02:00]}
Re7 {[%clk 00:10:09]} {[%emt 00:00:29]} 25. Rde2 {[%clk 00:08:09]} {[%emt
00:01:55]} Ne4 {[%clk 00:10:15]} {[%emt 00:00:26]} 26. Rc1 {[%clk 00:08:15]}
{[%emt 00:00:23]} Ndxc3 {[%clk 00:10:12]} {[%emt 00:00:33]} 27. Nxc3 {[%clk
00:08:12]} {[%emt 00:00:33]} Nxc3 {[%clk 00:10:12]} {[%emt 00:00:30]} 28. Ree1
{[%clk 00:07:59]} {[%emt 00:00:43]} Nd5 {[%clk 00:08:23]} {[%emt 00:02:19]} 29.
Be2 {[%clk 00:04:51]} {[%emt 00:03:38]} Nb4 {[%emt 00:01:56]} 0-1